You're my heart, you're my soul by Modern Talking lyrics - Statistics

General Stats
  • This quiz has been taken 63 times
  • The average score is 159 of 223
Answer Stats
Lyrics % Correct
Heart,
100%
Heart
100%
Heart.
100%
My
100%
My,
100%
Soul
100%
Soul,
100%
You
100%
I
93%
A
89%
Your
86%
Go.
79%
You're
79%
It
75%
Keep
75%
With
75%
Forever,
71%
For
71%
Forever,
71%
Stay
71%
Together.
71%
I'm
64%
Livin'
64%
The
64%
Burnin'
61%
Burnin'
61%
Everywhere
61%
In
61%
Be
57%
On,
57%
And
54%
Fire,
54%
Dreams.
54%
Emotion,
54%
Holding
54%
I'll
54%
Know.
54%
Let
54%
Only
54%
Thing
54%
Deep
50%
Yeah,
50%
Dying
50%
Fantasy
50%
It's
50%
Really
50%
That
50%
There's
50%
Yeah,
50%
Yeah
50%
Desire
46%
Let's
46%
Love
46%
Shining
46%
That's
46%
Will
46%
Close
43%
Mine.
43%
Start
43%
World
43%
Candles
39%
Door
39%
Feelin'
39%
Body
36%
Burning,
36%
Come
36%
Grow.
36%
Grow
36%
Our
36%
Believe
32%
Melt
32%
Open
32%
Up
32%
Feeling
29%
Right,
25%
All
21%
No matching quizzes found
Score Distribution
Percent of People with Each Score
Percentile by Number Answered
Your Score History
You have not taken this quiz